000 01269cam a22001934a 4500
005 20250605164042.0
008 250528s ||||||||||||||||||||||||d
035 _a17015
020 _a745606148
040 _aGR-AtMCL
_bgre
_dGR-AtMCL
_eAACR2
245 1 _aAgainst Postmodernism / A Marxist Critique
260 _bPolicy Press,
_c1992
300 _a212
520 _aA devastating critique of current postmodernism infatuations and misrepresentations...cuts a timely swathe through the prevailing reaction and political retreats. Preface and Acknowledgements, Introduction, The Jargon of Postmodernity, The Enlightment and All That, The Eviscreation of Modernism, The Search for Precursors, The Abolition of Difference, Modernism and Capitalism, The Vertigo of the Modern, The Modernist Conjuncture, The Rise and Fall of the Avant-Garde, The Aporias of Poststructuralism, Rationality, Resistance, The Subject, The Limits of Communicative Reason, In Defence of the Enlightment, From Weber to Habermas, So What Else is New?, The Myths of Postinustrialism, A Break in Capitalism?, The Commodification of Modernism, The Children of Marx and Coca Cola, Afterword, Notes, Index.
700 1 _aCallinicos Alex
_93147
942 _cBK
999 _c2456
_d2456